00654nam a22002057a 450000500170000001000130001702000210003003500130005103700160006404000120008008200160009210000160010824500790012426000560020327000580025930000250031750000610034265000190040365000260042220170124110052.0 aA-895860 c00.00a812241026 aA-895860 bCen Lib/Ret aDPLbEN a657.72bJOS aJoshi, R.N. aCash management :cby R.N. Joshi bperspectives, principles and practice / aNew Delhi bNew Age International Publishers c1997 a4835/24,Ansari Road, Dariya Ganj bNew Delhi e110002 axii, 248p.c21cm(Hb) aIncludes glossary, bibliographical references and index  aCash business  aBusiness transaction